| 000 | 00367nam a2200097Ia 4500 | ||
|---|---|---|---|
| 008 | 180130s9999 xx 000 0 und d | ||
| 245 |
_cGiabbanelli, Philippe J. _aModelling the spatial and social dynamics of insurgency |
||
| 260 | _c2016 | ||
| 300 | _aBook title: Computer and information security--Acession number C20546; pages 113-127 | ||
| 650 | _aINFORMATION SECURITY | ||
| 999 |
_c354116 _d354116 |
||